[Event "Benasque op 42nd"]
[Site "Benasque"]
[Date "2023.07.07"]
[Round "3"]
[White "Fernandez Estremera, Fernando"]
[Black "Puranik, Abhimanyu Sameer"]
[Result "0-1"]
[WhiteElo "2279"]
[BlackElo "2605"]
[PlyCount "50"]
[EventDate "2023.07.05"]
[EventType "swiss"]
[EventRounds "9"]
[EventCountry "ESP"]
[SourceTitle "EXT 2024"]
[Source "ChessBase"]
[SourceDate "2023.10.10"]
[SourceVersion "1"]
[SourceVersionDate "2023.10.10"]
[SourceQuality "1"]

1. d4 d5 2. Nc3 c5 3. e4 dxe4 4. d5 Nf6 5. Bg5 Nbd7 6. Qe2 g6 7. Nxe4 Nxe4 8. Qxe4 h6 9. Be3 Bg7 10. 0-0-0 0-0 11. Nf3 Nf6 12. Qc4 b5 13. Qxc5 Bb7 14. d6 exd6 15. Qxd6 Qc8 16. Bd3 Ne4 17. Qb4 a5 18. Qxb5 Ba6 19. Qb3 Rb8 20. Bxe4 Rxb3 21. axb3 a4 22. Bd5 a3 23. bxa3 Qc3 24. Bd4 Bxd4 25. Nxd4 Qa1+ 0-1

[Event "Madrid Alcorcon op 1st"]
[Site "Madrid"]
[Date "2022.12.28"]
[Round "5"]
[White "Horcajuelo Rocamora, Martin"]
[Black "Fernandez Estremera, Fernando"]
[Result "0-1"]
[WhiteElo "2184"]
[BlackElo "2127"]
[PlyCount "160"]
[EventDate "2022.12.26"]
[EventType "swiss"]
[EventRounds "9"]
[EventCountry "ESP"]
[SourceTitle "CBM 212 Extra"]
[Source "ChessBase"]
[SourceDate "2023.03.31"]
[SourceVersion "1"]
[SourceVersionDate "2023.03.31"]
[SourceQuality "1"]

1. e4 c5 2. Nc3 e6 3. d4 cxd4 4. Qxd4 Nc6 5. Qe3 Nf6 6. Nf3 d6 7. Be2 Be7 8. 0-0 0-0 9. Rd1 Qc7 10. Nb5 Qb8 11. c4 a6 12. Nc3 Qc7 13. b3 b6 14. Bb2 Bb7 15. Rac1 Ne5 16. Nd4 Ng6 17. h3 Rac8 18. g3 Qb8 19. Bf3 Rfd8 20. Re1 Qa8 21. Kh2 Ne5 22. Bd1 Ned7 23. f4 Nc5 24. Bc2 Bf8 25. b4 Ncd7 26. Bd3 d5 27. cxd5 exd5 28. e5 Ne4 29. a3 a5 30. Nxe4 dxe4 31. Bc4 Rxc4 32. Rxc4 Bd5 33. Rc7 axb4 34. axb4 Qb8 35. Rcc1 Bxb4 36. Red1 Nc5 37. Ba3 Bxa3 38. Qxa3 Nd3 39. Rb1 Qc7 40. Rd2 Ra8 41. Rc2 Nc5 42. Qe3 Ra4 43. Nb5 Qc6 44. Nd6 h6 45. f5 Kh7 46. f6 g6 47. g4 Be6 48. Rd1 Ra5 49. Rg1 Qd5 50. Qg3 Nd3 51. Re2 Ra4 52. Rd1 Qb3 53. Rdd2 Bd5 54. e6 Ra1 55. Qe3 Qb1 56. e7 Qh1+ 57. Kg3 Bc6 58. e8Q Bxe8 59. Nxe8 Ra3 60. Nd6 Rb3 61. Rh2 Qf1 62. Nxe4 Nc5 63. Qxb3 Nxb3 64. Rhf2 Qg1+ 65. Kf3 Qh1+ 66. Rg2 Nxd2+ 67. Nxd2 Qxh3+ 68. Rg3 Qh1+ 69. Kf2 Qh2+ 70. Rg2 Qf4+ 71. Nf3 Qxf6 72. Rh2 Qf4 73. g5 h5 74. Rh4 Qd6 75. Rd4 Qc5 76. Kg3 Kg7 77. Kf2 b5 78. Ke2 b4 79. Rd7 Qb5+ 80. Rd3 b3 0-1

[Event "Madrid Alcorcon op 1st"]
[Site "Madrid"]
[Date "2022.12.28"]
[Round "6"]
[White "Plazuelo Pascual, Juan"]
[Black "Fernandez Estremera, Fernando"]
[Result "1-0"]
[WhiteElo "2445"]
[BlackElo "2127"]
[PlyCount "45"]
[EventDate "2022.12.26"]
[EventType "swiss"]
[EventRounds "9"]
[EventCountry "ESP"]
[SourceTitle "CBM 212 Extra"]
[Source "ChessBase"]
[SourceDate "2023.03.31"]
[SourceVersion "1"]
[SourceVersionDate "2023.03.31"]
[SourceQuality "1"]

1. d4 d5 2. c4 dxc4 3. Nf3 Nf6 4. e3 e6 5. Bxc4 a6 6. 0-0 b5 7. Bd3 Bb7 8. Qe2 Nbd7 9. a4 b4 10. e4 Be7 11. Nbd2 c5 12. e5 Nd5 13. Nb3 cxd4 14. Rd1 a5 15. Nfxd4 Qb6 16. Bb5 0-0-0 17. Be3 Nxe3 18. Qxe3 Nc5 19. Rdc1 Rd5 20. Nxc5 Bxc5 21. Nb3 Rd1+ 22. Bf1 Qc6 23. Rxc5 1-0

[Event "Collado Villalba Grupo Gallinero op 1st"]
[Site "Collado Villalba"]
[Date "2022.08.13"]
[Round "3"]
[White "Martinez Fernandez, Raul"]
[Black "Fernandez Estremera, Fernando"]
[Result "0-1"]
[WhiteElo "2187"]
[BlackElo "2005"]
[PlyCount "68"]
[EventDate "2022.08.12"]
[EventType "swiss"]
[EventRounds "9"]
[EventCountry "ESP"]
[SourceTitle "CBM 210 Extra"]
[Source "ChessBase"]
[SourceDate "2022.11.30"]
[SourceVersion "1"]
[SourceVersionDate "2022.11.30"]
[SourceQuality "1"]

1. e4 c5 2. Nf3 e6 3. d4 cxd4 4. Nxd4 Nf6 5. Nc3 Nc6 6. Nxc6 bxc6 7. e5 Nd5 8. Ne4 Qc7 9. f4 Rb8 10. c4 Bb4+ 11. Ke2 0-0 12. cxd5 cxd5 13. Ng5 h6 14. Nf3 f6 15. Be3 fxe5 16. fxe5 Ba6+ 17. Kf2 Bxf1 18. Rxf1 Qxe5 19. Qd4 Qxh2 20. Qg4 Bd6 21. b3 Rb4 22. Qg6 Rf6 23. Qe8+ Kh7 24. Ke2 Qxg2+ 25. Rf2 Qg4 26. Rg1 Bg3 27. Rxg3 Qxg3 28. Ng5+ hxg5 29. Rxf6 Qg4+ 30. Rf3 Re4 31. Kf2 d4 32. Rf8 Qh4+ 33. Kg2 Rg4+ 34. Kf1 Qh3+ 0-1

[Event "ESP-ch U18"]
[Site "Salobrena"]
[Date "2022.08.04"]
[Round "6"]
[White "Guillermo Gonzalez, Alvaro"]
[Black "Fernandez Estremera, Fernando"]
[Result "1/2-1/2"]
[WhiteElo "2158"]
[BlackElo "2075"]
[PlyCount "93"]
[EventDate "2022.08.01"]
[EventType "swiss"]
[EventRounds "9"]
[EventCountry "ESP"]
[SourceTitle "EXT 2023"]
[Source "ChessBase"]
[SourceDate "2022.10.05"]
[SourceVersion "1"]
[SourceVersionDate "2022.10.05"]
[SourceQuality "1"]

1. e4 c5 2. Nf3 e6 3. d4 cxd4 4. Nxd4 Nf6 5. Nc3 Nc6 6. Ndb5 Bc5 7. Nd6+ Ke7 8. Bf4 e5 9. Nf5+ Kf8 10. Bg5 d6 11. Qd2 Bb4 12. Bxf6 Qxf6 13. Ne3 Be6 14. a3 Bxc3 15. Qxc3 Rc8 16. Qd2 Ke7 17. Rd1 Rhd8 18. Bc4 Nd4 19. Bd5 Kf8 20. c3 Nc6 21. 0-0 Rc7 22. Qe2 Ne7 23. a4 b6 24. c4 Rdc8 25. b3 Bxd5 26. Nxd5 Nxd5 27. Rxd5 Rc5 28. Rd3 R8c6 29. Rfd1 Ke7 30. Qd2 h6 31. b4 Rxc4 32. b5 Rc7 33. Rxd6 Rd4 34. Rxd4 exd4 35. e5 Qh4 36. g3 Qe4 37. Qb4+ Ke8 38. Qxd4 Qxd4 39. Rxd4 Rc2 40. Re4 Ke7 41. Kg2 Ke6 42. Kf3 Kd5 43. Rf4 Rc7 44. Rg4 g6 45. Rh4 h5 46. Ke3 Kxe5 47. Re4+ 1/2-1/2

[Event "Collado Villalba op 38th"]
[Site "Collado Villalba"]
[Date "2021.08.25"]
[Round "5"]
[White "Fernandez Estremera, Fernando"]
[Black "Hernando Pertierra, Jose Carlos"]
[Result "1-0"]
[WhiteElo "2119"]
[BlackElo "2328"]
[PlyCount "65"]
[EventDate "2021.08.21"]
[EventType "swiss"]
[EventRounds "9"]
[EventCountry "ESP"]
[SourceTitle "CBM 204 Extra"]
[Source "ChessBase"]
[SourceDate "2021.11.30"]
[SourceVersion "1"]
[SourceVersionDate "2021.11.30"]
[SourceQuality "1"]

1. d4 Nf6 2. Nc3 d5 3. Bg5 h6 4. Bxf6 exf6 5. e3 c6 6. Bd3 Bb4 7. Qf3 h5 8. h3 Nd7 9. Nge2 Nf8 10. 0-0-0 Ne6 11. e4 Ng5 12. Qe3 dxe4 13. Nxe4 Nxe4 14. Bxe4 Qe7 15. Qf3 Bd7 16. d5 cxd5 17. Bxd5 0-0 18. Qxh5 Rac8 19. Rd4 Bf5 20. Qxf5 Qxe2 21. Rxb4 Rc7 22. Rxb7 Rxb7 23. Bxb7 g6 24. Qf3 Qe5 25. Bd5 Kg7 26. Bb3 a5 27. Qe3 Qb5 28. a4 Qb7 29. f3 Rc8 30. h4 Qb4 31. h5 g5 32. h6+ Kh8 33. Rd1 1-0

[Event "Collado Villalba op 38th"]
[Site "Collado Villalba"]
[Date "2021.08.22"]
[Round "2"]
[White "Fernandez Estremera, Fernando"]
[Black "De Pablo Fuertes, Daniel"]
[Result "1-0"]
[WhiteElo "2119"]
[BlackElo "1833"]
[PlyCount "133"]
[EventDate "2021.08.21"]
[EventType "swiss"]
[EventRounds "9"]
[EventCountry "ESP"]
[SourceTitle "CBM 204 Extra"]
[Source "ChessBase"]
[SourceDate "2021.11.30"]
[SourceVersion "1"]
[SourceVersionDate "2021.11.30"]
[SourceQuality "1"]

1. d4 Nf6 2. Nc3 d5 3. Bg5 Bf5 4. f3 c6 5. e4 dxe4 6. Bxf6 exf6 7. fxe4 Bg6 8. a3 Bd6 9. Nf3 Nd7 10. Bd3 0-0 11. 0-0 Qc7 12. g3 Rfe8 13. Kg2 Bh5 14. Ne2 Rad8 15. c3 Nf8 16. Qc2 Bg6 17. Nd2 Ne6 18. b4 Qe7 19. h4 Bb8 20. a4 Qc7 21. Nf3 Bh5 22. Qd2 Bg4 23. Qe3 f5 24. e5 Qd7 25. Bc4 Nc7 26. Nf4 Kh8 27. Qf2 Nd5 28. Nxd5 cxd5 29. Bb5 Qc7 30. Bxe8 Rxe8 31. Nh2 Bh5 32. Rac1 Bg6 33. Qd2 f6 34. Nf3 Bh5 35. Rce1 h6 36. Re3 Qd7 37. exf6 Re4 38. Ne5 Qe6 39. Rxe4 dxe4 40. fxg7+ Kxg7 41. Qf2 Bg6 42. h5 Bh7 43. Qe2 Bxe5 44. dxe5 Qxe5 45. Qe3 b6 46. Qd4 Kf6 47. Qd8+ Qe7 48. Qxe7+ Kxe7 49. Kf2 Bg8 50. Ke3 Be6 51. Kf4 Kf6 52. Rd1 Ke7 53. Ke5 Bd7 54. Ra1 Be6 55. b5 Kf7 56. a5 Bc4 57. axb6 axb6 58. Kxf5 e3 59. Ra7+ Kg8 60. Re7 e2 61. Kg6 Bd3+ 62. Kxh6 Bxb5 63. g4 Bd3 64. g5 Kf8 65. Re3 Kg8 66. g6 Bb5 67. Kg5 1-0

[Event "Merida World Heritage op 1st"]
[Site "Merida"]
[Date "2021.08.07"]
[Round "7"]
[White "Fernandez Estremera, Fernando"]
[Black "Gomez Aguirre, Juan Alberto"]
[Result "1-0"]
[WhiteElo "2119"]
[BlackElo "1918"]
[PlyCount "97"]
[EventDate "2021.08.04"]
[EventType "swiss"]
[EventRounds "9"]
[EventCountry "ESP"]
[SourceTitle "EXT 2023"]
[Source "ChessBase"]
[SourceDate "2022.10.05"]
[SourceVersion "1"]
[SourceVersionDate "2022.10.05"]
[SourceQuality "1"]

1. d4 d5 2. Nc3 Nf6 3. Bg5 Nbd7 4. Nf3 e6 5. e3 c5 6. Bd3 Be7 7. 0-0 0-0 8. Ne5 h6 9. Bh4 a6 10. a4 cxd4 11. exd4 Nxe5 12. dxe5 Nd7 13. Bxe7 Qxe7 14. f4 Nc5 15. Qe2 b6 16. f5 Qh4 17. f6 g6 18. Rf3 Bb7 19. Rh3 Qg5 20. Rg3 Qh4 21. a5 d4 22. Rg4 Qh5 23. Rxd4 Qxe2 24. Bxe2 b5 25. b4 Na4 26. Nxa4 bxa4 27. Rad1 Rac8 28. c4 a3 29. Kf2 Bc6 30. g3 Rb8 31. c5 Bb5 32. Ra1 Bxe2 33. Kxe2 Rb5 34. Rxa3 Rfb8 35. Ra4 Kf8 36. Kd3 Ke8 37. Kc3 Rd8 38. Rxd8+ Kxd8 39. Ra2 Kc7 40. Rd2 Rb7 41. Rd6 Ra7 42. Kc4 Ra8 43. Rb6 Ra7 44. c6 Kc8 45. Kc5 Kc7 46. Rb7+ Rxb7 47. cxb7 h5 48. h4 Kxb7 49. Kd6 1-0

[Event "Merida World Heritage op 1st"]
[Site "Merida"]
[Date "2021.08.06"]
[Round "5"]
[White "Fernandez Estremera, Fernando"]
[Black "Macias Sanchez, Homero"]
[Result "0-1"]
[WhiteElo "2119"]
[BlackElo "1925"]
[PlyCount "74"]
[EventDate "2021.08.04"]
[EventType "swiss"]
[EventRounds "9"]
[EventCountry "ESP"]
[SourceTitle "EXT 2023"]
[Source "ChessBase"]
[SourceDate "2022.10.05"]
[SourceVersion "1"]
[SourceVersionDate "2022.10.05"]
[SourceQuality "1"]

1. d4 Nf6 2. Bg5 e6 3. e4 h6 4. Bxf6 Qxf6 5. c3 d5 6. Nd2 c5 7. Bb5+ Nc6 8. Ne2 Bd7 9. 0-0 a6 10. e5 Qd8 11. Bxc6 bxc6 12. Nb3 c4 13. Nd2 c5 14. f4 Qb6 15. Qc2 Be7 16. Nf3 Rb8 17. Rab1 Qa5 18. Ra1 Qa4 19. Qd2 0-0 20. g4 f6 21. Kg2 Be8 22. f5 fxe5 23. dxe5 exf5 24. Qxd5+ Kh8 25. gxf5 Rxb2 26. Rf2 Rxf5 27. Qe6 Rf7 28. Raf1 Qc6 29. Qxc6 Bxc6 30. Neg1 Rxf2+ 31. Kxf2 g5 32. Ke2 Be4 33. Rc1 Bd3+ 34. Kd1 g4 35. Ne1 Bg5 36. Nxd3 cxd3 37. e6 Rf1# 0-1

[Event "Merida World Heritage op 1st"]
[Site "Merida"]
[Date "2021.08.04"]
[Round "1"]
[White "Fernandez Estremera, Fernando"]
[Black "Parejo Pineda, Jesus"]
[Result "1-0"]
[WhiteElo "2119"]
[BlackElo "1565"]
[PlyCount "59"]
[EventDate "2021.08.04"]
[EventType "swiss"]
[EventRounds "9"]
[EventCountry "ESP"]
[SourceTitle "EXT 2023"]
[Source "ChessBase"]
[SourceDate "2022.10.05"]
[SourceVersion "1"]
[SourceVersionDate "2022.10.05"]
[SourceQuality "1"]

1. d4 Nf6 2. Nc3 d5 3. Bg5 Bf5 4. f3 Nbd7 5. Nxd5 Nxd5 6. e4 h6 7. Bh4 Ne3 8. Qd3 Nxf1 9. exf5 Nxh2 10. Rxh2 Nb6 11. Ne2 Qd7 12. 0-0-0 0-0-0 13. g4 Qc6 14. b3 Re8 15. d5 Qd7 16. Nf4 c6 17. c4 c5 18. Bg3 Rg8 19. Qe3 Kb8 20. Ne6+ Ka8 21. Nc7+ Kb8 22. Nxe8+ Ka8 23. Nc7+ Kb8 24. Qxc5 e5 25. d6 g6 26. f6 Bxd6 27. Qxd6 Qxd6 28. Rxd6 Kxc7 29. Bxe5 Re8 30. Re6+ 1-0

[Event "Madrid-ch U16"]
[Site "Madrid"]
[Date "2021.04.25"]
[Round "5"]
[White "Fernandez Estremera, Fernando"]
[Black "Rodriguez Avila, Alvaro"]
[Result "1-0"]
[WhiteElo "2005"]
[BlackElo "1892"]
[PlyCount "139"]
[EventDate "2021.04.17"]
[EventType "swiss"]
[EventRounds "5"]
[EventCountry "ESP"]
[SourceTitle "EXT 2023"]
[Source "ChessBase"]
[SourceDate "2022.10.05"]
[SourceVersion "1"]
[SourceVersionDate "2022.10.05"]
[SourceQuality "1"]

1. d4 Nf6 2. Nc3 d5 3. Bf4 a6 4. e3 e6 5. g4 Bb4 6. Nge2 Ne4 7. Bg2 Nxc3 8. bxc3 Be7 9. h3 Nd7 10. c4 dxc4 11. a4 Nb6 12. c3 0-0 13. Qc2 Nd5 14. Qa2 Bd7 15. Qxc4 Bc6 16. e4 Nxf4 17. Nxf4 Bd6 18. Nd3 Qg5 19. 0-0 h5 20. e5 Bd5 21. Bxd5 exd5 22. Qxd5 hxg4 23. Qg2 Qf5 24. Qg3 Be7 25. hxg4 Qe4 26. Rfe1 Qc6 27. Rec1 b5 28. axb5 axb5 29. Qg2 Qxg2+ 30. Kxg2 g5 31. Rcb1 c6 32. f3 Kg7 33. Nf2 f6 34. exf6+ Bxf6 35. Ne4 Be7 36. Ng3 Bf6 37. Re1 Kf7 38. Nf5 Rxa1 39. Rxa1 c5 40. Nd6+ Ke6 41. Nxb5 cxd4 42. Nxd4+ Kd5 43. Ne2 Kc4 44. Ra5 Re8 45. Kf2 Bd8 46. Ra6 Be7 47. Ra4+ Kb5 48. Re4 Kc6 49. Nd4+ Kd7 50. Ke2 Rh8 51. Kd3 Bf6 52. Re2 Rc8 53. Ra2 Bh8 54. Ra7+ Kd6 55. Ra6+ Ke5 56. Ra5+ Kf4 57. Rf5+ Kg3 58. Rxg5 Bxd4 59. Kxd4 Kxf3 60. c4 Kf4 61. Rg7 Rd8+ 62. Kc5 Rc8+ 63. Kd5 Rd8+ 64. Kc6 Ke5 65. c5 Rc8+ 66. Kd7 Ra8 67. c6 Kf6 68. Rh7 Kg6 69. Rh1 Ra4 70. Rd1 1-0